Alpha-Area Arranged Europe Quiz Stats

 Plays Quiz Updated May 26, 2018

Also try: On A Map: Europe
Challenge
Share
Tweet
Embed
Score 0/47 Timer 04:00
4 Plays Today
First Letter Country % Correct
FFrance
90.7%
AAndorra
89.2%
GGermany
88%
DDenmark
87.9%
FFinland
86.9%
EEstonia
84%
AAustria
83.1%
BBelarus
82.7%
HHungary
82.3%
BBelgium
82.3%
AAlbania
82.1%
IItaly
81.6%
IIceland
80.9%
IIreland
79.8%
KKosovo
78.5%
LLatvia
78%
RRussia
77.8%
LLithuania
77.7%
LLiechtenstein
75.8%
LLuxembourg
75.6%
GGreece
73.1%
BBulgaria
71.4%
PPoland
71.4%
CCroatia
70.3%
First Letter Country % Correct
MMonaco
70.1%
PPortugal
69%
VVatican City
68.6%
SSpain
68.4%
CCzechia
68%
BBosnia and Herzegovina
67.6%
NNorway
67.2%
RRomania
66.9%
CCyprus
65.4%
UUkraine
65.3%
SSweden
64.6%
UUnited Kingdom
63.7%
MMalta
60.9%
NNetherlands
60.8%
TTurkey
59.2%
MMacedonia
57%
MMoldova
56.6%
SSan Marino
56.2%
MMontenegro
54.9%
SSlovakia
50.2%
SSerbia
47.7%
SSlovenia
47.2%
SSwitzerland
43.2%

You're not logged in!

Compare scores with friends on all Sporcle quizzes.
OR
Log In

You Might Also Like...

Show Comments

Extras

Top Quizzes Today


Score Distribution

Your Account Isn't Verified!

In order to create a playlist on Sporcle, you need to verify the email address you used during registration. Go to your Sporcle Settings to finish the process.

Report this User

Report this user for behavior that violates our Community Guidelines.

Details: